| 000 | 00885 a2200193 4500 | ||
|---|---|---|---|
| 001 | 53340 | ||
| 005 | 20260407155807.0 | ||
| 008 | 260407a1942 arg spa d | ||
| 003 | AR-UNSa-BCEJYS | ||
| 040 |
_aAR-UNSa-BCEJYS _bspa _cAR-UNSa-BCEJYS |
||
| 080 |
_a336.7 _xMoneda. Sistema monetario. Banca. Bolsa |
||
| 245 | 1 | 0 | _aOur modern banking and monetary system |
| 264 | 1 |
_aNew Jersey : _bPrentice/Hall Internacional _c1942 |
|
| 300 |
_a596 p. _c24 cm. |
||
| 505 | _a1. Money and monetary systems - 2. Banks and their operation - 3. Bank loans and investments - 4. Banking systemns - 5. Price changes and the determinants of the volume of money - 6. The demand for money, income, and the price level - 7. Applications of monetary and fiscal policy - 8. International monetary relationships | ||
| 942 | _cBK | ||
| 590 | _aniveau_biblio:m niveau_hierar:0 | ||
| 100 | 1 | _aThomas, Rollin G. | |
| 999 |
_c5196 _d5196 |
||